000 00663nam a2200217Ii 4500
001 13662
003 CO-ViMGA
008 241108s9999||||xx |||||||||||||| ||und||
020 _a9582700483
040 _aCO-ViMGA
_bspa
_erda
_cCO-ViMGA
041 0 _aspa
082 0 4 _aF.FC Co861.6 - A73h
100 1 _aGuillermo Alberto Arévalo
_947503
245 1 0 _aHay un grito escondido:
_bPoesía
264 1 _aBogotá, Colombia : Arango, [Fecha de publicación no identificada]
300 _avolumen
336 _atext
_btxt
_2rdacontent
337 _aunmediated
_bn
_2rdamedia
338 _avolume
_bnc
_2rdacarrier
940 _aidficha_siabuc: 13363. -- ficha_no_siabuc:13662
999 _c42104
_d42104